[Event "BCF-chT4 2223 (4NCL)"]
[Site "England"]
[Date "2023.02.05"]
[Round "6.62"]
[White "Veselow, Zoe"]
[Black "Eckert, Jonathan"]
[Result "1-0"]
[WhiteElo "1697"]
[BlackElo "1715"]
[PlyCount "87"]
[EventDate "2022.11.05"]
[EventType "team-swiss"]
[EventRounds "11"]
[EventCountry "ENG"]
[SourceTitle "EXT 2024"]
[Source "ChessBase"]
[SourceDate "2023.10.10"]
[SourceVersion "1"]
[SourceVersionDate "2023.10.10"]
[SourceQuality "1"]
[WhiteTeam "Barnet Knights III"]
[BlackTeam "Kingston II"]
[WhiteTeamCountry "ENG"]
[BlackTeamCountry "ENG"]

1. e4 e6 2. d4 d5 3. exd5 exd5 4. Bd3 Nc6 5. c3 Bd6 6. Qf3 Nf6 7. h3 0-0 8. Be3 Re8 9. Nd2 Qe7 10. Ne2 Ne4 11. 0-0-0 Na5 12. Kb1 Nc4 13. Nxc4 dxc4 14. Bxc4 Bd7 15. g4 Bc6 16. d5 Ba4 17. b3 Bd7 18. h4 Nf6 19. g5 Bg4 20. gxf6 Bxf3 21. fxe7 Bxh1 22. Rxh1 Rxe7 23. Nd4 a6 24. Rg1 Re4 25. Nf5 g6 26. Nxd6 cxd6 27. h5 Rae8 28. Bd3 R4e5 29. hxg6 hxg6 30. c4 Rh5 31. Kb2 Kh7 32. Ka3 b5 33. Be2 Rh4 34. cxb5 axb5 35. Bxb5 Ree4 36. Bc4 f5 37. Kb4 f4 38. Bb6 f3 39. Kb5 Kh6 40. a4 Kh5 41. a5 Rh2 42. a6 Rg2 43. Rh1+ Kg4 44. Rh8 1-0

[Event "BCF-chT4S 1920 (4NCL)"]
[Site "England"]
[Date "2020.01.12"]
[Round "4.46"]
[White "Sabin, Frank"]
[Black "Eckert, Jonathan"]
[Result "1-0"]
[WhiteElo "1825"]
[BlackElo "1697"]
[PlyCount "61"]
[EventDate "2019.11.09"]
[EventType "team-swiss"]
[EventRounds "11"]
[EventCountry "ENG"]
[SourceTitle "EXT 2022"]
[Source "ChessBase"]
[SourceDate "2021.10.06"]
[SourceVersion "1"]
[SourceVersionDate "2021.10.06"]
[SourceQuality "1"]
[WhiteTeam "All Anands on Deck"]
[BlackTeam "West is Best III"]
[WhiteTeamCountry "ENG"]
[BlackTeamCountry "WLS"]

1. d4 f5 2. c4 Nf6 3. Nc3 e6 4. Nf3 Bb4 5. Bd2 0-0 6. e3 b6 7. Be2 Bb7 8. 0-0 Ne4 9. Nxe4 fxe4 10. Bxb4 exf3 11. gxf3 Rf6 12. Kh1 Na6 13. Bc3 d5 14. f4 Rh6 15. Rg1 dxc4+ 16. Bf3 Bxf3+ 17. Qxf3 Qd5 18. e4 Qh5 19. Qxh5 Rxh5 20. d5 g6 21. dxe6 Nc5 22. f3 Nxe6 23. f5 Ng5 24. Rg3 Kf7 25. Bd2 Kf6 26. fxg6 hxg6 27. Rag1 Nh3 28. Rxg6+ Ke5 29. R1g3 Rd8 30. Bc3+ Kf4 31. Kg2 1-0

[Event "BCF-chT4S 1617 (4NCL)"]
[Site "England"]
[Date "2017.03.19"]
[Round "8.56"]
[White "Dhemrait, Manav"]
[Black "Eckert, Jonathan"]
[Result "0-1"]
[WhiteElo "1285"]
[BlackElo "1594"]
[PlyCount "47"]
[EventDate "2016.11.26"]
[EventType "team-swiss"]
[EventRounds "11"]
[EventCountry "ENG"]
[SourceTitle "EXT 2019"]
[Source "ChessBase"]
[SourceDate "2018.10.10"]
[SourceVersion "1"]
[SourceVersionDate "2018.10.10"]
[SourceQuality "1"]
[WhiteTeam "Cambridge University III"]
[BlackTeam "West is Best II"]
[WhiteTeamCountry "ENG"]
[BlackTeamCountry "WLS"]

1. e4 e5 2. Nf3 Nc6 3. d4 exd4 4. Nxd4 Nf6 5. Nc3 Bb4 6. Bg5 h6 7. Nxc6 bxc6 8. Bxf6 Qxf6 9. Qd2 0-0 10. Bd3 d5 11. a3 Bxc3 12. Qxc3 Qxc3+ 13. bxc3 dxe4 14. Bxe4 Re8 15. f3 f5 16. 0-0 fxe4 17. fxe4 Ba6 18. Rf4 Rad8 19. Re1 Rf8 20. g3 g5 21. Rf5 Rd2 22. Ra5 Bc8 23. Rxa7 Bh3 24. Rb7 0-1